[Event "Open 2004 des PSV Rostock"]
[Site "Rostock"]
[Date "2004.08.29"]
[Round "7.9"]
[White "Luetje, Juergen"]
[Black "Schulz, Michael"]
[Result "0-1"]
[WhiteElo "1995"]
[BlackElo "2247"]
[PlyCount "58"]
[EventDate "2004.08.26"]
[EventType "swiss"]
[EventRounds "7"]
[EventCountry "GER"]
[Source "Th. Schwetlick"]
[SourceDate "2004.09.01"]

1. d4 Nf6 2. Nf3 c5 3. c3 g6 4. Bg5 Ne4 5. Bf4 Bg7 6. Qc2 d5 7. Ne5 f6 8. f3
fxe5 9. dxe5 O-O 10. Bc1 Bf5 11. fxe4 Bxe4 12. Qb3 Qc7 13. Nd2 c4 14. Qa3 Qxe5
15. Nxe4 Qxe4 16. Bd2 Nd7 17. O-O-O Rf6 18. Bg5 Qf5 19. h4 Ra6 20. Qxe7 Rxa2
21. e4 Qf2 22. Rd2 Qe1+ 23. Kc2 Ra1 24. Bxc4 Rc1+ 25. Kb3 dxc4+ 26. Kxc4 Rc8+
27. Kb3 Qxh1 28. Qe6+ Kh8 29. Rxd7 R1xc3+ 0-1

[Event "Open 2004 des PSV Rostock"]
[Site "Rostock"]
[Date "2004.08.29"]
[Round "7.11"]
[White "Giese, Guido"]
[Black "Miersch, Marco"]
[Result "1/2-1/2"]
[WhiteElo "2031"]
[BlackElo "2176"]
[PlyCount "71"]
[EventDate "2004.08.26"]
[EventType "swiss"]
[EventRounds "7"]
[EventCountry "GER"]
[Source "Th. Schwetlick"]
[SourceDate "2004.09.01"]

1. Nc3 c5 2. Nf3 Nc6 3. d4 cxd4 4. Nxd4 d5 5. e4 e6 6. exd5 exd5 7. Bb5 Qd6 8.
Nxc6 bxc6 9. Qxd5 Qxd5 10. Nxd5 cxb5 11. Nc7+ Kd8 12. Nxa8 Bb7 13. Bg5+ Ne7 14.
O-O-O+ Kc8 15. Rhe1 f6 16. Bf4 Bxa8 17. Bd6 Ng6 18. Re8+ Kd7 19. Rxf8 Nxf8 20.
Bxf8+ Ke6 21. Bxg7 Rg8 22. Bh6 Rxg2 23. Be3 Rxh2 24. Bxa7 h5 25. Rd8 Bc6 26.
Rd6+ Kxd6 27. Bb8+ Kd5 28. Bxh2 Ke4 29. Kd2 Kf3 30. Ke1 Be4 31. Kf1 Bxc2 32.
Bd6 Bb1 33. a3 Ba2 34. Kg1 f5 35. Bc5 Bd5 36. Kh2 1/2-1/2

[Event "Open 2004 des PSV Rostock"]
[Site "Rostock"]
[Date "2004.08.29"]
[Round "7.12"]
[White "Kramps, Rene"]
[Black "Helms, Sven"]
[Result "1/2-1/2"]
[WhiteElo "2010"]
[BlackElo "2164"]
[PlyCount "21"]
[EventDate "2004.08.26"]
[EventType "swiss"]
[EventRounds "7"]
[EventCountry "GER"]
[Source "Th. Schwetlick"]
[SourceDate "2004.09.01"]

1. d4 e6 2. Nd2 d5 3. e3 Nf6 4. Bd3 c5 5. c3 Nc6 6. f4 Be7 7. Ngf3 O-O 8. O-O
b6 9. Ne5 Bb7 10. Rf3 Nxe5 11. fxe5 1/2-1/2

[Event "Open 2004 des PSV Rostock"]
[Site "Rostock"]
[Date "2004.08.29"]
[Round "7.13"]
[White "Bahr, Enrico"]
[Black "Hellmann, Norbert"]
[Result "1/2-1/2"]
[WhiteElo "1893"]
[BlackElo "2137"]
[PlyCount "78"]
[EventDate "2004.08.26"]
[EventType "swiss"]
[EventRounds "7"]
[EventCountry "GER"]
[Source "Th. Schwetlick"]
[SourceDate "2004.09.01"]

1. d4 d6 2. c4 g6 3. Nc3 Bg7 4. e4 Nc6 5. Be3 e5 6. Nge2 Nf6 7. f3 Bd7 8. Qd2
a6 9. d5 Ne7 10. Nc1 Nfg8 11. g4 f5 12. gxf5 gxf5 13. Rg1 Ng6 14. Bg5 Bf6 15.
Nd3 Bxg5 16. Qxg5 Qxg5 17. Rxg5 N8e7 18. Be2 h6 19. Rg1 Kf7 20. c5 Rhg8 21. Kf2
Raf8 22. Raf1 Ke8 23. Ke3 Nh4 24. b4 f4+ 25. Kf2 Neg6 26. Rb1 Nh8 27. b5 Rxg1
28. Kxg1 Rg8+ 29. Kh1 axb5 30. Nxb5 Bh3 31. Bf1 Bxf1 32. Rxf1 Kd7 33. cxd6 cxd6
34. Ne1 Nf7 35. Rg1 Ng5 36. Rg4 Ng6 37. Kg1 Ne7 38. Kf1 Nf7 39. Rxg8 Nxg8
1/2-1/2

[Event "Open 2004 des PSV Rostock"]
[Site "Rostock"]
[Date "2004.08.29"]
[Round "7.14"]
[White "Knoblauch, Raphael"]
[Black "Calder, Dennis"]
[Result "0-1"]
[WhiteElo "1609"]
[BlackElo "2102"]
[PlyCount "34"]
[EventDate "2004.08.26"]
[EventType "swiss"]
[EventRounds "7"]
[EventCountry "GER"]
[Source "Th. Schwetlick"]
[SourceDate "2004.09.01"]

1. d4 d5 2. c4 Nc6 3. Bf4 Nf6 4. e3 Bf5 5. Qb3 Na5 6. Qa4+ c6 7. Nd2 Nxc4 8.
Nxc4 dxc4 9. Bxc4 b5 10. Bxb5 cxb5 11. Qxb5+ Bd7 12. Qe2 e6 13. a3 Qa5+ 14. Qd2
Qxd2+ 15. Kxd2 Ne4+ 16. Ke1 g5 17. Be5 f6 0-1

[Event "Open 2004 des PSV Rostock"]
[Site "Rostock"]
[Date "2004.08.29"]
[Round "7.15"]
[White "Brack, Peter"]
[Black "Kolbe, Jana"]
[Result "1-0"]
[WhiteElo "1918"]
[BlackElo "2072"]
[PlyCount "101"]
[EventDate "2004.08.26"]
[EventType "swiss"]
[EventRounds "7"]
[EventCountry "GER"]
[Source "Th. Schwetlick"]
[SourceDate "2004.09.01"]

1. d4 Nf6 2. Nf3 e6 3. e3 b6 4. Be2 Bb4+ 5. c3 Be7 6. O-O Bb7 7. Nbd2 O-O 8.
Bd3 d5 9. Qc2 c5 10. Rd1 Nbd7 11. Ne5 Rc8 12. Ndf3 h6 13. Qe2 Qc7 14. Bb5 Bd6
15. Nxd7 Nxd7 16. h3 Nf6 17. Bd2 Ne4 18. Be1 f5 19. Nd2 f4 20. exf4 Rxf4 21. f3
Nxd2 22. Qxe6+ Kh8 23. Bxd2 Rf6 24. Qe2 Rcf8 25. Rf1 Bc8 26. Bd3 Qf7 27. Rad1
Qh5 28. f4 Qf7 29. Bc2 Be6 30. Rf3 Qc7 31. Bb1 cxd4 32. cxd4 Bf7 33. Rdf1 Bh5
34. Qd3 g5 35. g4 Bg6 36. f5 Be8 37. Rc1 Qg7 38. Kg2 h5 39. Qe3 Bf4 40. Qf2 Bd7
41. Re1 Rh6 42. Bxf4 gxf4 43. Rxf4 hxg4 44. hxg4 Qh7 45. Qg3 Rg8 46. f6 Qf7 47.
Re7 Qf8 48. Rxd7 Qe8 49. Re7 Qb5 50. Qd3 Qxb2+ 51. Qc2 1-0

[Event "Open 2004 des PSV Rostock"]
[Site "Rostock"]
[Date "2004.08.29"]
[Round "7.16"]
[White "Schuetze, Tonio"]
[Black "Wiese, Frank"]
[Result "1-0"]
[WhiteElo "2063"]
[BlackElo "1902"]
[PlyCount "39"]
[EventDate "2004.08.26"]
[EventType "swiss"]
[EventRounds "7"]
[EventCountry "GER"]
[Source "Th. Schwetlick"]
[SourceDate "2004.09.01"]

1. d4 Nf6 2. Nc3 d5 3. Bg5 g6 4. Qd2 h6 5. Bxf6 exf6 6. O-O-O f5 7. g4 fxg4 8.
e4 dxe4 9. Nxe4 Be7 10. Kb1 Bf5 11. Re1 O-O 12. h3 h5 13. hxg4 Bxg4 14. Bc4 Nc6
15. c3 Bf5 16. Nf3 a5 17. Ka1 a4 18. Qh6 a3 19. Nfg5 axb2+ 20. Kxb2 1-0

[Event "Open 2004 des PSV Rostock"]
[Site "Rostock"]
[Date "2004.08.29"]
[Round "7.17"]
[White "Oldach, Ehrenfried"]
[Black "Zur, Jan"]
[Result "1/2-1/2"]
[WhiteElo "2058"]
[BlackElo "1840"]
[PlyCount "25"]
[EventDate "2004.08.26"]
[EventType "swiss"]
[EventRounds "7"]
[EventCountry "GER"]
[Source "Th. Schwetlick"]
[SourceDate "2004.09.01"]

1. e4 c5 2. Nf3 Nc6 3. d4 cxd4 4. Nxd4 e5 5. Nb5 a6 6. Nd6+ Bxd6 7. Qxd6 Qf6 8.
Qc7 Nge7 9. Nc3 Nb4 10. Bd3 d5 11. Nxd5 Nexd5 12. exd5 Nxd3+ 13. cxd3 1/2-1/2

[Event "Open 2004 des PSV Rostock"]
[Site "Rostock"]
[Date "2004.08.29"]
[Round "7.18"]
[White "Boettcher, Patrick"]
[Black "Von Rahden, Arvid"]
[Result "1/2-1/2"]
[WhiteElo "1949"]
[BlackElo "2145"]
[PlyCount "45"]
[EventDate "2004.08.26"]
[EventType "swiss"]
[EventRounds "7"]
[EventCountry "GER"]
[Source "Th. Schwetlick"]
[SourceDate "2004.09.01"]

1. e4 e5 2. Nf3 Nc6 3. Bb5 d6 4. d4 exd4 5. Nxd4 Bd7 6. Nc3 Nf6 7. O-O Be7 8.
Re1 Nxd4 9. Qxd4 Bxb5 10. Nxb5 a6 11. Nc3 O-O 12. Bg5 h6 13. Bh4 Re8 14. Rad1
Nh7 15. Bxe7 Qxe7 16. Nd5 Qd7 17. Re3 Ng5 18. Rde1 Ne6 19. Qd2 Rad8 20. Rg3 Kf8
21. Ne3 Ng5 22. f3 Qb5 23. Qc3 1/2-1/2

[Event "Open 2004 des PSV Rostock"]
[Site "Rostock"]
[Date "2004.08.29"]
[Round "7.19"]
[White "Moeller, Peter"]
[Black "Krieg, Peter"]
[Result "1-0"]
[WhiteElo "2134"]
[BlackElo "1712"]
[PlyCount "99"]
[EventDate "2004.08.26"]
[EventType "swiss"]
[EventRounds "7"]
[EventCountry "GER"]
[Source "Th. Schwetlick"]
[SourceDate "2004.09.01"]

1. g3 Nc6 2. Bg2 g6 3. d3 Bg7 4. e4 d6 5. f4 e5 6. Nf3 exf4 7. gxf4 f5 8. O-O
fxe4 9. dxe4 Bg4 10. c3 Qd7 11. Qb3 O-O-O 12. Be3 Nh6 13. Ng5 Rde8 14. Na3 d5
15. Qxd5 Qxd5 16. exd5 Rxe3 17. dxc6 bxc6 18. Bxc6 Re2 19. Rf2 Rxf2 20. Kxf2
Rf8 21. Kg3 Rf6 22. Bb5 a6 23. Bc4 Rb6 24. Bb3 Rd6 25. Bc2 Bf5 26. Nxh7 Rd2 27.
Rc1 Be6 28. b3 Bxc3 29. Nb1 Bb2 30. Nxd2 Bxc1 31. Nf3 Nf5+ 32. Bxf5 Bxf5 33.
Nd4 Bb1 34. a4 Bb2 35. Nc6 Bc2 36. b4 Bc3 37. Ne5 Bxb4 38. h4 Be1+ 39. Kg4 Bf5+
40. Kg5 Bg3 41. Nf8 c5 42. Nfxg6 Bxg6 43. Nxg6 c4 44. Ne5 c3 45. h5 c2 46. Nd3
Kd8 47. h6 Be1 48. f5 Ke7 49. f6+ Kf7 50. h7 1-0

[Event "Open 2004 des PSV Rostock"]
[Site "Rostock"]
[Date "2004.08.29"]
[Round "7.20"]
[White "Bauer, Burkhardt"]
[Black "Jaeger, Frank"]
[Result "0-1"]
[WhiteElo "1977"]
[BlackElo "1711"]
[PlyCount "56"]
[EventDate "2004.08.26"]
[EventType "swiss"]
[EventRounds "7"]
[EventCountry "GER"]
[Source "Th. Schwetlick"]
[SourceDate "2004.09.01"]

1. e4 e5 2. Nc3 Nf6 3. g3 Bc5 4. Bg2 Nc6 5. d3 d6 6. Nge2 Be6 7. Na4 Bb6 8.
Nxb6 axb6 9. O-O Qd7 10. c4 Bh3 11. f3 h5 12. Qe1 O-O-O 13. Qf2 Rdg8 14. Bxh3
Qxh3 15. Qg2 Qd7 16. Bd2 g5 17. h3 Ne8 18. g4 f6 19. Ng3 Ng7 20. Kf2 Nd4 21.
Rh1 Qa4 22. Rhc1 Nde6 23. Nxh5 Nxh5 24. gxh5 Nf4 25. Qg4+ Kb8 26. Bxf4 gxf4 27.
Qe6 Qb4 28. Rc2 Qc5+ 0-1

[Event "Open 2004 des PSV Rostock"]
[Site "Rostock"]
[Date "2004.08.29"]
[Round "7.21"]
[White "Wiecker, Stefan"]
[Black "Ott, Mathias"]
[Result "1/2-1/2"]
[WhiteElo "1740"]
[BlackElo "1965"]
[PlyCount "49"]
[EventDate "2004.08.26"]
[EventType "swiss"]
[EventRounds "7"]
[EventCountry "GER"]
[Source "Th. Schwetlick"]
[SourceDate "2004.09.01"]

1. e4 e6 2. d4 d5 3. Nc3 Nf6 4. Bg5 Be7 5. e5 Nfd7 6. Bxe7 Qxe7 7. Bd3 O-O 8.
Qh5 f5 9. exf6 Nxf6 10. Qh4 g6 11. Nf3 c5 12. O-O Nc6 13. Rfe1 cxd4 14. Nxd4 e5
15. Nb3 Bd7 16. a3 Rae8 17. Rad1 a6 18. Qg5 e4 19. Nxd5 Qg7 20. Nxf6+ Rxf6 21.
Rxe4 Ref8 22. Re2 Bf5 23. Bc4+ Kh8 24. Nd4 Rd6 25. c3 1/2-1/2

[Event "Open 2004 des PSV Rostock"]
[Site "Rostock"]
[Date "2004.08.29"]
[Round "7.22"]
[White "Krueger, Alexander"]
[Black "Herde, Dittmar"]
[Result "1-0"]
[WhiteElo "1768"]
[BlackElo "2022"]
[PlyCount "135"]
[EventDate "2004.08.26"]
[EventType "swiss"]
[EventRounds "7"]
[EventCountry "GER"]
[Source "Th. Schwetlick"]
[SourceDate "2004.09.01"]

1. e4 c5 2. Nc3 d6 3. g3 Nf6 4. Bg2 Nc6 5. f4 g6 6. Nf3 Bg7 7. O-O O-O 8. Kh1
Bg4 9. h3 Bxf3 10. Bxf3 Qd7 11. Kh2 Nd4 12. d3 e6 13. Be3 Ne8 14. Rb1 f5 15.
exf5 Nxf5 16. Qd2 Nxe3 17. Qxe3 Bd4 18. Qe2 Ng7 19. Ne4 d5 20. Nd2 Bf6 21. c3
Rae8 22. Qf2 b6 23. Rbd1 Qd6 24. Qg2 Nf5 25. Rde1 Kh8 26. Bg4 Ng7 27. h4 Nf5
28. Bxf5 gxf5 29. Nf3 Rg8 30. Re2 Rg6 31. Rfe1 Bd8 32. Re5 Reg8 33. Ng5 Bxg5
34. hxg5 Kg7 35. g4 Rf8 36. gxf5 exf5 37. Qxd5 Rf7 38. Rxf5 Qxd5 39. Rxd5 Rxf4
40. Re7+ Rf7 41. Rxf7+ Kxf7 42. Rd7+ Kg8 43. Rxa7 Rxg5 44. Rb7 Rg6 45. a4 Rd6
46. Kg2 h6 47. Kf2 h5 48. Kg3 Rxd3+ 49. Kh4 Rd6 50. Kxh5 Kf8 51. Kg5 Ke8 52.
Kf5 Kd8 53. Ke5 Rh6 54. a5 bxa5 55. Kd5 Kc8 56. Rb5 Ra6 57. Kxc5 Kc7 58. Kc4
Kc6 59. Rh5 Kc7 60. Rh7+ Kc8 61. Kb5 Rg6 62. Kxa5 Rg2 63. b3 Rb2 64. Kb4 Rb1
65. c4 Kb8 66. c5 Kc8 67. Kc4 Rc1+ 68. Kb5 1-0

[Event "Open 2004 des PSV Rostock"]
[Site "Rostock"]
[Date "2004.08.29"]
[Round "7.25"]
[White "Rath, Wolfgang"]
[Black "Laser, Dirk"]
[Result "1/2-1/2"]
[WhiteElo "1642"]
[BlackElo "1822"]
[PlyCount "26"]
[EventDate "2004.08.26"]
[EventType "swiss"]
[EventRounds "7"]
[EventCountry "GER"]
[Source "Th. Schwetlick"]
[SourceDate "2004.09.01"]

1. e4 c5 2. Nf3 d6 3. d4 cxd4 4. Nxd4 Nf6 5. Nc3 g6 6. Be3 Bg7 7. f3 O-O 8. Qd2
Nc6 9. Bc4 Bd7 10. O-O-O Rc8 11. Bb3 Ne5 12. h4 Nc4 13. Bxc4 Rxc4 1/2-1/2

[Event "Open 2004 des PSV Rostock"]
[Site "Rostock"]
[Date "2004.08.29"]
[Round "7.26"]
[White "Hamann, Dirk"]
[Black "Prueter, Reinhard"]
[Result "1-0"]
[WhiteElo "1818"]
[BlackElo "1637"]
[PlyCount "71"]
[EventDate "2004.08.26"]
[EventType "swiss"]
[EventRounds "7"]
[EventCountry "GER"]
[Source "Th. Schwetlick"]
[SourceDate "2004.09.01"]

1. e4 d6 2. d4 Nf6 3. Nc3 g6 4. f3 Bg7 5. Be3 c6 6. Qd2 b5 7. O-O-O Qa5 8. Kb1
O-O 9. Bh6 Be6 10. Bxg7 Kxg7 11. d5 Bd7 12. g4 Na6 13. h4 b4 14. Nce2 cxd5 15.
exd5 Nc5 16. h5 Kg8 17. hxg6 fxg6 18. Ng3 Rac8 19. Bc4 Na4 20. Bb3 Nc3+ 21.
bxc3 bxc3 22. Qc1 Ba4 23. Qa3 Qb6 24. Qxa4 Rc5 25. Ne4 Nxe4 26. Qxe4 Rf7 27.
Ne2 Qa6 28. Rd3 Qc8 29. Qd4 a5 30. Rxc3 Rxc3 31. Qxc3 Qa6 32. Qc4 Qb6 33. a4
Rxf3 34. Nd4 Rf7 35. Qc8+ Rf8 36. Qe6+ 1-0

[Event "Open 2004 des PSV Rostock"]
[Site "Rostock"]
[Date "2004.08.29"]
[Round "7.28"]
[White "Miedeck, Franz"]
[Black "Ehlers, Michael"]
[Result "0-1"]
[WhiteElo "1709"]
[BlackElo "1592"]
[PlyCount "108"]
[EventDate "2004.08.26"]
[EventType "swiss"]
[EventRounds "7"]
[EventCountry "GER"]
[Source "Th. Schwetlick"]
[SourceDate "2004.09.01"]

1. e4 c5 2. Nf3 Nc6 3. b3 e6 4. Bb2 Nf6 5. d3 d5 6. exd5 exd5 7. d4 b6 8. Be2
Be7 9. O-O O-O 10. Nbd2 h6 11. c4 dxc4 12. Nxc4 cxd4 13. Nxd4 Bb7 14. Rc1 Bc5
15. Nf5 Ne8 16. Qc2 Qg5 17. Bf3 Rb8 18. Ng3 Nf6 19. Bxf6 Qxf6 20. Ne4 Qe7 21.
Nxc5 Qxc5 22. Qb1 Nd4 23. Bxb7 Ne2+ 24. Kh1 Nxc1 25. Bf3 Nxb3 26. axb3 Rbd8 27.
Ne3 Rd2 28. Kg1 Rfd8 29. Rc1 Qg5 30. Rc7 Qh4 31. g3 Qf6 32. Kg2 Qe5 33. Nd5
R2xd5 34. Bxd5 Qxc7 35. Qe4 Qd6 36. Bc4 Qd7 37. Qe2 Qc6+ 38. Kh3 Qd7+ 39. Kg2
Re8 40. Qc2 Qe7 41. Qd2 Qe4+ 42. Kh3 Qf5+ 43. Kg2 b5 44. Bf1 a6 45. Qd6 Qe4+
46. Kg1 Qe6 47. Qd3 g6 48. h4 Qe5 49. Qd2 Kg7 50. Kg2 Re6 51. Qd1 Qe4+ 52. Kg1
Qe1 53. Qd4+ Rf6 54. g4 Qc1 0-1

[Event "Open 2004 des PSV Rostock"]
[Site "Rostock"]
[Date "2004.08.29"]
[Round "7.29"]
[White "Schmidt, Wolfgang"]
[Black "Heinisch, Uwe"]
[Result "1-0"]
[WhiteElo "1859"]
[BlackElo "1587"]
[PlyCount "139"]
[EventDate "2004.08.26"]
[EventType "swiss"]
[EventRounds "7"]
[EventCountry "GER"]
[Source "Th. Schwetlick"]
[SourceDate "2004.09.01"]

1. d4 f5 2. Nf3 Nf6 3. c4 e6 4. Nc3 c6 5. Bg5 d5 6. e3 Be7 7. Ne5 O-O 8. Qc2
Nbd7 9. Nxd7 Bxd7 10. f3 Be8 11. O-O-O Nh5 12. Bxe7 Qxe7 13. f4 Nf6 14. Re1 Rc8
15. Kb1 c5 16. b3 a6 17. Ka1 b5 18. cxb5 axb5 19. Rc1 c4 20. bxc4 bxc4 21. Be2
Ra8 22. Bf3 Bc6 23. Rb1 Rfb8 24. Rb2 Rb7 25. Rhb1 Rab8 26. Rxb7 Rxb7 27. Rxb7
Qxb7 28. Qb2 Qxb2+ 29. Kxb2 Kf7 30. Ka3 Ke7 31. Kb4 Nd7 32. a4 Kd8 33. g4 g6
34. g5 Kc8 35. a5 Kc7 36. Bd1 Nb8 37. Nb5+ Bxb5 38. Kxb5 Kb7 39. Kc5 Kc7 40.
Ba4 Na6+ 41. Kb5 Kb7 42. h4 Nb8 43. Bd1 Na6 44. h5 Nb8 45. hxg6 hxg6 46. Bc2
Na6 47. Ba4 Nb8 48. Kc5 Kc7 49. Bb5 Nd7+ 50. Kb4 Nf8 51. Ka4 Kb7 52. Be8 Ka7
53. Kb4 Ka6 54. Bc6 Nh7 55. Bb5+ Kb7 56. Kc5 Kc7 57. a6 Nf8 58. a7 Kb7 59. Kd6
Kxa7 60. Ke7 Kb6 61. Ba4 Ka5 62. Bd1 Kb4 63. Kxf8 Kc3 64. Kf7 Kd3 65. Kxe6 Kxe3
66. Ke5 c3 67. Ba4 Kd3 68. Kxd5 c2 69. Bxc2+ Kxc2 70. Ke5 1-0

[Event "Open 2004 des PSV Rostock"]
[Site "Rostock"]
[Date "2004.08.29"]
[Round "7.30"]
[White "Henschke, Andrea"]
[Black "Boehm, Matthias"]
[Result "1/2-1/2"]
[WhiteElo "1600"]
[BlackElo "1704"]
[PlyCount "44"]
[EventDate "2004.08.26"]
[EventType "swiss"]
[EventRounds "7"]
[EventCountry "GER"]
[Source "Th. Schwetlick"]
[SourceDate "2004.09.01"]

1. f4 d5 2. Nf3 Nf6 3. e3 Bg4 4. Be2 e6 5. b3 Be7 6. Bb2 c5 7. O-O Nc6 8. Ne5
Bxe2 9. Qxe2 O-O 10. d3 Qc7 11. Nd2 Nd7 12. Nxd7 Qxd7 13. Qg4 f6 14. Rf3 Rad8
15. Rh3 Bd6 16. Qh4 h6 17. a3 e5 18. fxe5 fxe5 19. Rf1 Rxf1+ 20. Kxf1 Rf8+ 21.
Rf3 Qe7 22. Qxe7 Bxe7 1/2-1/2

[Event "Open 2004 des PSV Rostock"]
[Site "Rostock"]
[Date "2004.08.29"]
[Round "7.31"]
[White "Eichstaedt, Enrico"]
[Black "Vladov, Mark"]
[Result "0-1"]
[WhiteElo "1555"]
[BlackElo "1689"]
[PlyCount "51"]
[EventDate "2004.08.26"]
[EventType "swiss"]
[EventRounds "7"]
[EventCountry "GER"]
[Source "Th. Schwetlick"]
[SourceDate "2004.09.01"]

1. e4 c6 2. d4 d5 3. e5 Bf5 4. Bd3 Bxd3 5. Qxd3 Nd7 6. f4 e6 7. Nf3 c5 8. c3
Qb6 9. O-O Ne7 10. Nbd2 Nc6 11. Kh1 cxd4 12. Nxd4 Nc5 13. Qe2 a6 14. N2b3 Nxd4
15. Nxd4 Ne4 16. Be3 Qc7 17. f5 exf5 18. Rxf5 g6 19. Rff1 Bg7 20. e6 f5 21. Bf4
Qe7 22. Rad1 O-O 23. Qe3 g5 24. Bxg5 Qxg5 25. Nxf5 Rxf5 26. Rxf5 0-1

[Event "Open 2004 des PSV Rostock"]
[Site "Rostock"]
[Date "2004.08.29"]
[Round "7.32"]
[White "Uphoff, Juergen"]
[Black "Worm, Alfred"]
[Result "0-1"]
[WhiteElo "1445"]
[BlackElo "1643"]
[PlyCount "58"]
[EventDate "2004.08.26"]
[EventType "swiss"]
[EventRounds "7"]
[EventCountry "GER"]
[Source "Th. Schwetlick"]
[SourceDate "2004.09.01"]

1. d4 Nf6 2. Nf3 g6 3. Bg5 Bg7 4. e3 d5 5. Be2 O-O 6. O-O b6 7. Nbd2 Bb7 8. Rc1
Nbd7 9. c4 dxc4 10. Bxc4 h6 11. Bf4 Rc8 12. Rc2 Nh5 13. Be5 Nxe5 14. Nxe5 c5
15. Nb3 Qd6 16. Nf3 Rfd8 17. Be2 cxd4 18. Nfxd4 Nf6 19. Rxc8 Rxc8 20. Nb5 Qb8
21. Qb1 Bd5 22. N5d4 e5 23. Nf3 Ng4 24. Nfd2 h5 25. Bxg4 hxg4 26. Rc1 Rd8 27.
Qc2 Qb7 28. Qc7 Qxc7 29. Rxc7 Bxb3 0-1

[Event "Open 2004 des PSV Rostock"]
[Site "Rostock"]
[Date "2004.08.29"]
[Round "7.33"]
[White "Mueggenburg, Rolf"]
[Black "Kurzwig, Andre"]
[Result "1-0"]
[WhiteElo "1502"]
[BlackElo "1398"]
[PlyCount "41"]
[EventDate "2004.08.26"]
[EventType "swiss"]
[EventRounds "7"]
[EventCountry "GER"]
[Source "Th. Schwetlick"]
[SourceDate "2004.09.01"]

1. Nc3 g6 2. d4 Bg7 3. Nf3 Nf6 4. e4 d6 5. Bc4 O-O 6. O-O Nfd7 7. Bg5 c5 8. Qd2
cxd4 9. Nxd4 Nb6 10. Bd5 N8d7 11. Bh6 Ne5 12. Bxg7 Kxg7 13. f4 e6 14. f5 exd5
15. f6+ Kh8 16. Qh6 Rg8 17. h3 Qf8 18. Qg5 dxe4 19. Nxe4 Bd7 20. Rf4 Nc6 21.
Rh4 1-0

[Event "Open 2004 des PSV Rostock"]
[Site "Rostock"]
[Date "2004.08.29"]
[Round "7.35"]
[White "Mangold, Thomas"]
[Black "Obodzinskiy, Slava"]
[Result "0-1"]
[WhiteElo "1208"]
[BlackElo "1201"]
[PlyCount "88"]
[EventDate "2004.08.26"]
[EventType "swiss"]
[EventRounds "7"]
[EventCountry "GER"]
[Source "Th. Schwetlick"]
[SourceDate "2004.09.01"]

1. d4 Nf6 2. c4 g6 3. Nf3 Bg7 4. Nc3 O-O 5. Bg5 d6 6. e3 Bf5 7. Bd3 Bxd3 8.
Qxd3 Nbd7 9. O-O e5 10. Nd5 c6 11. Nxf6+ Nxf6 12. dxe5 dxe5 13. Nxe5 Qxd3 14.
Nxd3 Ne4 15. Be7 Rfe8 16. Bb4 a5 17. Be1 Rad8 18. Rd1 Nc5 19. Bxa5 Rxd3 20.
Rxd3 Nxd3 21. b3 Ra8 22. b4 Bc3 23. a3 c5 24. Rd1 cxb4 25. axb4 Bxb4 26. Bxb4
Nxb4 27. g3 Nc2 28. Rc1 Ra1 29. Rxa1 Nxa1 30. Kf1 Nb3 31. Ke2 Nc5 32. Kf3 f5
33. g4 fxg4+ 34. Kxg4 Ne4 35. f4 b6 36. f5 gxf5+ 37. Kxf5 Nd6+ 38. Ke5 Nxc4+
39. Kd4 Nd6 40. Kd5 b5 41. Kc5 Kf7 42. Kd5 Nf5 43. e4 Nd6 44. e5 Ne8 0-1